000 01285nam a2200349 a 4500
001 000046766
005 20240313073820.0
008 110224s2015 dr a 000 0 spa d
020 _a9789945590265
040 _aDO-SdBNP
_bspa
_cBNPHU
082 _axxx
_bxxx
245 0 0 _aLa mujer dominicana :
_buna visión integral /
_cdilenia Medina...[et al.] ; presentación Nathanael Concepción.
260 _aSanto Domingo :
_bFUNGLODE,
_c2015.
300 _a127 P. ; :
_bil. ;
_c23 cm.
500 _aFeminicidios, empoderamiento político, servicio doméstico, mortalidad materna, cuota femenina y objetivos del milenio.
504 _aIncluye referencias
500 _aIncluye notas a pie de páginas
590 _aInventariado, 2018/ YL
700 1 2 _aMedina, Dilenia
_972772
700 1 2 _aBetances, Diuris
_974687
700 1 2 _aArtiles, Leopoldo
_917960
700 1 2 _aMateo, Víctor
_974729
700 1 2 _aPérez Rubiera, Omar
_974730
700 1 2 _aMontero, Juan
_974731
700 1 2 _aDisla, Natanael
_974732
700 1 2 _aVargas, Fanny
_974733
700 1 2 _aRoa Chalas, Greidys
_974734
700 1 2 _aTaveras, Karina
_974735
700 1 2 _aFerreras, Ruth
_974736
710 2 _aFundación Global Democracía y Desarrollo
_925477
700 1 2 _aConcepción, Nathanael
_epres.
_971341
999 _c46255
_d46255